Normal view
MARC view
Entry Personal Name
001 - CONTROL NUMBER
- control field: 86945
003 - CONTROL NUMBER IDENTIFIER
- control field: dpl
005 - DATE AND TIME OF LATEST TRANSACTION
- control field: 20260128122330.0
008 - FIXED-LENGTH DATA ELEMENTS
- fixed length control field: 260128|| aca||aabn | a|a d
040 ## - CATALOGING SOURCE
- Original cataloging agency: dpl
- Transcribing agency: dpl
100 ## - HEADING--PERSONAL NAME
- Personal name: Bhagat Singh
670 ## - SOURCE DATA FOUND
- Source citation: Work cat.: (dpl)214564: Bhagat Singh, Why I am an Atheist and Other Writings/, 2024
